000 01012nam a22003137a 4500
003 CHAP
005 20220329134000.0
008 971013s1982 r 00010 d
010 _a13573
011 _a14545
035 _a18619
040 _cCHAP
090 _aTesis
100 0 0 _aCastillo Arévalo, Eduardo Wenceslao.
_920080
245 _aDensidad de estomas en 4 variedades comerciales y 4 especies de nogal
260 _a(Monterrey, N.L.) :
_bEl autor,
_c1982
300 _a49 h.
502 _aTesis (Ing. Agr. en Producción) -- ITESM. Div. de Ciencias Agropecuarias y Marítimas
590 _aALEPH
_b10
_c20130110
_lUCH01
_h1233
590 _aBATCH-UPD
_b10
_c20130110
_lUCH01
_h1346
590 _aBATCH-UPD
_b10
_c20130410
_lUCH01
_h0845
590 _aBATCH-UPD
_b10
_c20130914
_lUCH01
_h1327
590 _aCONVERSION
_b10
_c20130109
_lUCH01
_h1309
650 1 4 _aEstomas.
_938345
650 1 4 _aNogal
_xVariedades.
_981572
901 _aBK
942 _cTESIS
949 _bBC
_cTES
_d-43397
_eTS1
_i18619
_si
999 _c13573
_d13573